Spokojnosť s podnikateľským prostredím rok kontinuálne stúpa

Manažéri a podnikatelia za posledný rok oceňujú lepší prístup k úverom, cenovú stabilitu a stálosť výmenného kurzu slovenskej koruny. PAS - Podnikateľská aliancia Slovenska. PAS monitoruje podnikateľské prostredie prostredníctvom indexu podnikateľského prostredia (IPP). Viac peňazí na úvery. Nedosta...

ver descrição completa

Na minha lista:
Detalhes bibliográficos
Autor principal: Hajko, Jozef
Outros Autores: Marušinec, Ján
Formato: Capítulo de Livro
Idioma:eslovaco
Assuntos:
Tags: Adicionar Tag
Sem tags, seja o primeiro a adicionar uma tag!

MARC

LEADER 00000naa a2200000 4500
001 r045864
005 20230921114034.6
041 0 |a slo 
044 |a SK 
245 1 0 |a Spokojnosť s podnikateľským prostredím rok kontinuálne stúpa  |c Jozef Hajko, Ján Marušinec 
520 |a Manažéri a podnikatelia za posledný rok oceňujú lepší prístup k úverom, cenovú stabilitu a stálosť výmenného kurzu slovenskej koruny. PAS - Podnikateľská aliancia Slovenska. PAS monitoruje podnikateľské prostredie prostredníctvom indexu podnikateľského prostredia (IPP). Viac peňazí na úvery. Nedostatočnosť podnikateľskej legislatívy. 
610 2 0 |a podnikatelia 
610 2 0 |a manažéri 
610 2 0 |a úver bankový 
610 2 0 |a stabilita cien 
610 2 0 |a kurz výmenný 
610 2 0 |a koruna 
610 2 0 |a prostredie podnikateľské 
610 2 0 |a indexy 
610 2 0 |a legislatíva 
610 2 0 |a Slovensko 
100 1 |a Hajko, Jozef 
700 1 |a Marušinec, Ján